|
|
|
|
| LEADER |
00799nab a2200217 i 4500 |
| 001 |
acta23906 |
| 005 |
20210601151104.0 |
| 008 |
161017s1974 hu o 0|| rus d |
| 022 |
|
|
|a 0001-6721
|
| 040 |
|
|
|a SZTE Egyetemi Kiadványok Repozitórium
|b hun
|
| 041 |
|
|
|a rus
|
| 100 |
1 |
|
|a Ketskeméty István
|
| 245 |
1 |
0 |
|a Ob issledovanii okg na rastvorah organičeskih krasitelej, vozbuždënnyh izlučeniem azotnogo lazera
|h [elektronikus dokumentum] /
|c Ketskeméty István
|
| 260 |
|
|
|c 1974
|
| 300 |
|
|
|a 191-197
|
| 490 |
0 |
|
|a Acta physica et chemica
|v 20 No. 3
|
| 695 |
|
|
|a Természettudomány, Fizika, Kémia
|
| 700 |
0 |
1 |
|a Rácz Béla
|e aut
|
| 700 |
0 |
1 |
|a Bor Zsolt
|e aut
|
| 700 |
0 |
1 |
|a Kozma László
|e aut
|
| 856 |
4 |
0 |
|u http://acta.bibl.u-szeged.hu/23906/1/phys_chem_020_fasc_003_191-197.pdf
|z Dokumentum-elérés
|